Un footballeur pour chaque pays - Lettres F et G - Statistiques

Statistiques générales
  • Ce quiz a été pris 82 fois
  • Le résultat moyen est 6 sur 16
Statistiques - réponses
Pays Réponses % Correct
France Zidane, Platini, Henry, Mbappe, Benzema, Griezmann, Kante, Lloris, Giroud, Germain
99%
Gabon Aubameyang, Bouanga, Lemina, Kanga, Ecuele Manga, Boupendza, Cousin, Allevinah, Ndong, Poko
90%
Ghana Essien, Boateng, Kudus, Partey, Williams, Abedi Pelé, Salisu, Gyan, Djiku, Ayew
89%
Géorgie Kvaratskhelia, Mikautadze, Kashia, Mamardashvili, Qazaishvili, Kvilitaia, Kaladze, Kverkvelia, Ananidze, Makaridze
73%
Grèce Manolas, Mitroglou, Sokratis, Pavlidis, Bakasetas, Tsimikas, Giakoumakis, Mavropanos, Karagounis, Charisteas
71%
Finlande Litmanen, Hradecky, Pukki, Antman, Eremenko, Jaaskelainen, Lod, Taylor, Hyypia, Moisander
68%
Guinée Keita, Guirassy, Diawara, Bayo, Bangoura, Guilavogui, Traore, Yattara, Camara
45%
Gambie Colley, Minteh, Barrow, Manneh, Ibou, Sanneh, Jatta, Trawally, Sowe, Ceesay
25%
Guinée-Bissau Gerso, Alfa Semedo, Mama Balde, Pelé, Gano, Ivanildo, Djalo, Nanu, Sami, Carlos Mané
21%
Guinée équatoriale Obiang, Coco, Akapo, Nsue, Machin, Balboa, Bodipo, Ngamukol, Bejarano, Salvador
14%
Gibraltar Walker, Wiseman, De Barr, Gosling, Annesley, Chipolina, Casciaro, Coleing, Britto, Coombes
11%
Guatemala Jerez, Pappa, Herrera, Ruiz, Mendez-Laing, Rubin, Hernandez, Hagen, Vasquez, Samayoa
7%
Guam Delagarza, Guy, Jaye, Cunliffe, Nicklaw, Matkin, Lopez, Pangelinan, Naputi, Halehale
5%
Grenade Beckles, Joseph, Roberts, Baptiste, Charles-Cook, Norburn, Pierre, Jerome, Hippolyte, Bedeau
4%
Fidji Krishna, Waranaivalu, Cavuilagi, Hughes, Khem, Kuivuna, Tekiate, Begg, Sami, Ravai
4%
Guyana Danns, Creavalle, Ondaan, Cort, Harriott, Bonds, Vancooten, Briggs, Letard, Gordon
3%
Aucun quiz correspondant
Distribution des résultats
% des personnes avec chaque résultat
Percentile par nombre de réponses
Votre historique - résultats
Vous n’avez pas pris ce quiz